Normale Ansicht MARC-Ansicht ISBD

Napoleon Bonaparte, his rise and fall / (Titelsatznr. 6357)

[ MARC ]
MARC-Details
000 -Satzkennung
Kontrollfeld mit fester Länge 00458nam a22001811c 4500
001 - Kontrollnummer
Kontrollfeld a987684669
008 - Feld mit fester Länge zur physischen Beschreibung - Allgemeine Angaben
Kontrollfeld mit fester Länge 060217s1958 gw a||| 000u eng d
041 ## - Sprachcode
Sprachcode des Textes/der Tonspur oder des separaten Titels eng
040 ## - Katalogisierungsquelle
Übertragungsstelle RU-10907106
003 - Kontrollnummer Identifier
Kontrollfeld RU-10907106
100 1# - Haupteintragung - Personenname
Personenname Thompson, James M.
245 00 - Titel
Titel Napoleon Bonaparte, his rise and fall /
Verfasserangabe etc. by J. M. Thompson
250 ## - Ausgabebezeichnung
Ausgabebezeichnung 3. impr.
264 ## - Produktion, Veröffentlichung, Distribution, Herstellung und Urheberrechtsvermerk
Herstellungs-, Veröffentlichungs- Vertriebs-, Erzeugungsort Oxford :
Produzent, Herausgeber, Distributor, Hersteller Blackwell,
Datum der Herstellung, der Veröffentlichung, des Vertriebs oder des Urheberschutzvermerks 1958
300 ## - Physische Beschreibung
Umfang IX, 411 S. : Ill
650 #0 - Nebeneintragung unter einem Schlagwort - Sachschlagwort
Sachschlagwort oder geografischer Name als Eintragungselement Frankreich
942 ## - Zusätzliche Felder (Koha)
Koha-Medientyp Monographien
Exemplare
Ausgeschieden Verloren Klassifikation oder Aufstellungssystematik Beschädigt Nicht entleihbar Heimatbibliothek Aufenthaltsbibliothek Aufstellungsort Erwerbungsdatum Inventarnummer Signatur Barcode Letzte Aktivität Preis gültig von Koha-Medientyp
    Andere/Generische Klassifikation     MWN Osteuropa MWN Osteuropa Lesesaal - 1 17/02/2006 06-02202 W 51 D ad Nap 4 E004015078F6E250 22/02/2021 22/03/2021 Monographien